000 00608cam a22002053a 4500
001 43013
003 PGUSA
005 20140828083958.0
008 130622s2013||||xxu|||||s|||||000 | eng d
040 _aPGUSA
_beng
042 _adc
100 1 _aWood, Robert Williams,
_d1868-1955
245 1 0 _aAnimal Analogues :
_bVerses and Illustrations
_h[electronic resource] /
_cRobert Williams Wood
260 _bProject Gutenberg,
_c2013
506 _aPublic domain in the USA.
516 _aElectronic text
830 0 _aProject Gutenberg
_v43013
856 4 0 _uhttp://www.gutenberg.org/ebooks/43013
942 _cEB
999 _c272264
_d272264